Statistics for Head above water Avril Lavigne lyrics

Click here to take the quiz!

General Stats

  • This quiz has been taken 25 times
  • The average score is 195 of 271

Answer Stats

Answer% Correct
i
100%
I
100%
above
95%
head
95%
my
95%
the
95%
water
95%
what
95%
keep
90%
me
90%
be
85%
don't
85%
down
85%
for
85%
you
85%
and
80%
I'm
80%
i'm
80%
let
80%
to
80%
before
75%
can't
75%
drown
75%
more
75%
storm
75%
as
70%
is
70%
there
70%
want
70%
calm
65%
fall
65%
God
65%
gotta
65%
it
65%
knees
65%
less
65%
at
60%
fighting
60%
life
60%
meet
60%
see
60%
so
60%
this
60%
alter
55%
gets
55%
harder
55%
in
55%
reach
55%
sea
55%
warm
55%
breath
50%
driving
50%
force
50%
I'll
50%
need
50%
pull
50%
up
50%
voice
50%
yeah
50%
becomes
45%
door
45%
from
45%
part
45%
shore
45%
too
45%
underneath
45%
windows
45%
won't
45%
below
40%
'cause
40%
hold
40%
now
40%
overboard
40%
asleep
35%
bottom
35%
close
35%
undertow
35%
young
35%
bar
30%
lose
30%
most
30%
must
30%
ocean
30%
rescue
30%
stormy
30%
swim
30%
weather
30%
come
25%
forever
25%
like
25%
waiting
25%
all
20%
seem
20%
together
20%
off
15%
dry
10%
neeyoud
0%
safeto
0%

Score Distribution

Percentile by Number Answered

Percent of People with Each Score

Your Score History

You have not taken this quiz